000 00368nam a22001577a 4500
999 _c10597
_d10597
003 OSt
008 210327b ||||| |||| 00| 0 eng d
020 _a9788127244149
082 _a741.672 SOF
100 _aSODHIA, Manmeet
245 _aFashion Illustration
260 _aNew Delhi
_bKalyani Publishers
300 _a298
650 _aTextile
942 _2ddc
_cBK
_01